000
00295nam a2200121 a 4500
008
100916s1985|||| d
100
1
_a
Dorinová, Francoise
245
1
0
_a
Choď za mamou...ocko pracuje!
260
_b
Smena
_a
Bratislava
_c
1985
044
_a
xo
_c
SK
041
_a
slo
020
_c
30
999
_c
10346
_d
10346